Midway International Airport Destinations (Chicago, IL, USA) - Statistics

General Stats
  • This quiz has been taken 121 times
    54 since last reset
  • The average score is 80 of 97
Answer Stats
Airline Destination % Correct
Delta Air Lines/Frontier Airlines/Southwest Airlines Atlanta
100%
Frontier Airlines Dallas/Fort Worth
100%
Frontier Airlines/Southwest Airlines Denver
100%
Allegiant Air/Frontier Airlines/Southwest Airlines Las Vegas
100%
Southwest Airlines Los Angeles
100%
Frontier Airlines/Southwest Airlines Miami
100%
Southwest Airlines New York (LaGuardia)
100%
Frontier Airlines/Southwest Airlines Orlando
100%
Frontier Airlines/Southwest Airlines Tampa
100%
Southwest Airlines Washington (National)
100%
Southwest Airlines Austin
97%
Frontier Airlines/Southwest Airlines Baltimore
97%
Southwest Airlines Charlotte
97%
Southwest Airlines Dallas (Love)
97%
Delta Connection/Southwest Airlines Detroit
97%
Southwest Airlines Houston (Hobby)
97%
Frontier Airlines Houston (Intercontinental)
97%
Southwest Airlines Indianapolis
97%
Delta Connection/Southwest Airlines Minneapolis/St. Paul
97%
Frontier Airlines/Southwest Airlines Philadelphia
97%
Frontier Airlines/Southwest Airlines Phoenix (Sky Harbor)
97%
Southwest Airlines Portland (ME)
97%
Southwest Airlines Portland (OR)
97%
Southwest Airlines San Francisco
97%
Southwest Airlines San Jose (CA)
97%
Southwest Airlines San José del Cabo
97%
Southwest Airlines Seattle/Tacoma
97%
Southwest Airlines Boston
94%
Southwest Airlines Cincinnati
94%
Southwest Airlines Cleveland
94%
Southwest Airlines Nashville
94%
Southwest Airlines Raleigh/Durham
94%
Southwest Airlines Cancún
90%
Southwest Airlines Fort Lauderdale
90%
Southwest Airlines Fort Myers
90%
Southwest Airlines Jacksonville (FL)
90%
Southwest Airlines Kansas City
90%
Southwest Airlines Louisville
90%
Southwest Airlines Memphis
90%
Frontier Airlines Newark
90%
Southwest Airlines New Orleans
90%
Southwest Airlines Pittsburgh
90%
Southwest Airlines Salt Lake City
90%
Southwest Airlines San Antonio
90%
Southwest Airlines San Diego
90%
Porter Airlines Toronto (Billy Bishop)
90%
Southwest Airlines Albuquerque
87%
Southwest Airlines Buffalo
87%
Southwest Airlines Charleston (SC)
87%
Southwest Airlines Columbus (Glenn)
87%
Allegiant Air Destin/Fort Walton Beach
87%
Southwest Airlines Hartford
87%
Southwest Airlines Omaha
87%
Southwest Airlines Reno/Tahoe
87%
Southwest Airlines Birmingham (AL)
84%
Southwest Airlines Oklahoma City
84%
Southwest Airlines Richmond
84%
Southwest Airlines Sarasota
84%
Southwest Airlines St. Louis
84%
Southwest Airlines Tulsa
84%
Southwest Airlines Albany
81%
Southwest Airlines Boise
81%
Southwest Airlines Des Moines
81%
Southwest Airlines El Paso
81%
Southwest Airlines Milwaukee
81%
Southwest Airlines Rochester (NY)
81%
Southwest Airlines Tucson
81%
Southwest Airlines Oakland
77%
Southwest Airlines Wichita
77%
Southwest Airlines Myrtle Beach
74%
Southwest Airlines Norfolk
74%
Southwest Airlines Punta Cana
74%
Allegiant Air/Southwest Airlines Savannah
74%
Southwest Airlines Bozeman
71%
Southwest Airlines Colorado Springs
71%
Southwest Airlines Sacramento
71%
Allegiant Air Asheville
68%
Southwest Airlines Burbank
68%
Volaris Guadalajara
68%
Allegiant Air Knoxville
68%
Southwest Airlines Pensacola
68%
Southwest Airlines Providence
68%
Southwest Airlines Spokane
68%
Southwest Airlines Long Beach
65%
Southwest Airlines Ontario
65%
Southwest Airlines Panama City (FL)
65%
Southwest Airlines Grand Rapids
61%
Southwest Airlines Montego Bay
61%
Southwest Airlines San Juan
61%
Volaris Aguascalientes
58%
Southwest Airlines Manchester (NH)
58%
Allegiant Air Punta Gorda (FL)
52%
Southwest Airlines Palm Springs
48%
Volaris Durango
45%
Volaris León/Del Bajío
42%
Volaris Morelia
42%
Volaris Zacatecas
42%
No matching quizzes found
Score Distribution
Percent of People with Each Score
Percentile by Number Answered
Your Score History
You have not taken this quiz since the last reset